| 000 | 00363pab a2200157 454500 | ||
|---|---|---|---|
| 008 | 180718b2000 xxu||||| |||| 00| 0 eng d | ||
| 100 | _aKarat, Brinda | ||
| 245 | _aThe feminisation of poverty in Bihar | ||
| 260 | _c2000 | ||
| 300 | _ap.10 | ||
| 362 | _a20 Oct | ||
| 650 | _aPoverty - India - Bihar | ||
| 650 | _aPoverty | ||
| 773 | _aHindu | ||
| 909 | _a47941 | ||
| 999 |
_c47941 _d47941 |
||